Normal view MARC view
  • Barnett R.; O'Cull L. & Cox S

Entry Personal Name

Number of records used in: 22

001 - CONTROL NUMBER

  • control field: 190276

003 - CONTROL NUMBER IDENTIFIER

  • control field: OSt

005 - DATE AND TIME OF LATEST TRANSACTION

  • control field: 20230714212907.0

008 - FIXED-LENGTH DATA ELEMENTS

  • fixed length control field: 230714|| aca||aabn | a|a d

040 ## - CATALOGING SOURCE

  • Original cataloging agency: OSt
  • Transcribing agency: OSt

100 ## - HEADING--PERSONAL NAME

  • Personal name: Barnett R.; O'Cull L. & Cox S

670 ## - SOURCE DATA FOUND

  • Source citation: Work cat.: (OSt)195531: Barnett R., Embedded C Programming And The Microchip PIC, 2004